ARRUPE JESUIT UNIVERSITY

CORONAVIRUS -STOP THE SPREAD - CLEAN,DISINFECT,COVER

Essays in the hermeneutics of science / (Record no. 123247)

MARC details
000 -LEADER
fixed length control field 00941fam a2200313 a 4500
001 - CONTROL NUMBER
control field 2075609
003 - CONTROL NUMBER IDENTIFIER
control field ARRUPE
005 - DATE AND TIME OF LATEST TRANSACTION
control field 20150904152617.0
008 - FIXED-LENGTH DATA ELEMENTS--GENERAL INFORMATION
fixed length control field 970811s1997 enk b 001 0 eng
010 ## - LIBRARY OF CONGRESS CONTROL NUMBER
LC control number 97074442
020 ## - INTERNATIONAL STANDARD BOOK NUMBER
International Standard Book Number 1840141107
035 ## - SYSTEM CONTROL NUMBER
System control number (OCoLC)38584655
035 ## - SYSTEM CONTROL NUMBER
System control number (OCoLC)ocm38584655
035 ## - SYSTEM CONTROL NUMBER
System control number (NNC)2075609
040 ## - CATALOGING SOURCE
Original cataloging agency DLC
Transcribing agency DLC
050 00 - LIBRARY OF CONGRESS CALL NUMBER
Classification number Q175
Item number .G522 1997
082 00 - DEWEY DECIMAL CLASSIFICATION NUMBER
Classification number 501
Edition number 21
300 ## - PHYSICAL DESCRIPTION
Dimensions 23 cm.
100 1# - MAIN ENTRY--PERSONAL NAME
Personal name Ginev, Dimitŭr.
9 (RLIN) 19346
245 10 - TITLE STATEMENT
Title Essays in the hermeneutics of science /
Statement of responsibility, etc Dimitri Ginev.
260 ## - PUBLICATION, DISTRIBUTION, ETC. (IMPRINT)
Place of publication, distribution, etc Aldershot, Hants., England ;
-- Brookfield, Vt., USA :
Name of publisher, distributor, etc Ashgate,
Date of publication, distribution, etc c1997.
300 ## - PHYSICAL DESCRIPTION
Extent v, 103 p. ;
490 1# - SERIES STATEMENT
Series statement Avebury series in philosophy
504 ## - BIBLIOGRAPHY, ETC. NOTE
Bibliography, etc Includes bibliographical references and index.
650 #0 - SUBJECT ADDED ENTRY--TOPICAL TERM
Topical term or geographic name as entry element Science
General subdivision Philosophy.
9 (RLIN) 19350
650 #0 - SUBJECT ADDED ENTRY--TOPICAL TERM
Topical term or geographic name as entry element Hermeneutics.
9 (RLIN) 19351
830 #0 - SERIES ADDED ENTRY--UNIFORM TITLE
Uniform title Avebury series in philosophy.
9 (RLIN) 19352
942 ## - ADDED ENTRY ELEMENTS (KOHA)
Source of classification or shelving scheme Library of Congress Classification
Koha item type Monograph ( Printed materials)
Holdings
Withdrawn status Lost status Source of classification or shelving scheme Damaged status Not for loan Collection code Home library Current library Shelving location Date acquired Total Checkouts Full call number Barcode Date last seen Price effective from Koha item type
    Library of Congress Classification     Main Collection ARRUPE LIBRARY ARRUPE LIBRARY Main Collection 04/09/2015   Q175.G522 1997 46500004296 03/07/2019 04/09/2015 Monograph ( Printed materials)

 

Arrupe Library. PO Box MP320 Mt Pleasant, Harare, Zimbabwe
263 242 745411|librarian@aju.ac.zw